000 00886nam a2200265Ia 4500
003 OSt
005 20220923214600.0
006 a|||||r|||| 00| 0
007 ta
008 220922b |||||||| |||| 00| 0 hin d
024 _a171,063
037 _cTextual
040 _aARTS
_cARTS
_bhin
041 _2hin
_ahin
082 _aO152,3N14x, J6;K8
100 _aयशपाल
245 0 _aभस्मावृत्त चिन्गारी तथा अन्य कहानियां
246 _aBhasmāvṛutta chingārī tathā anya kahāniyāan
250 _aसंस्क0 7
260 _aलखनऊ
_b विप्लव कार्यालय
_c1968
300 _a125पृ.
_ccm.
650 _aहिन्दी साहित्य
_9156264
942 _hO152,3N14x, J6;K8
_cTEXL
_2CC
999 _c325288
_d325288